Statistics for West Ham United Squad 2015-2016

Click here to take the quiz!

General Stats

  • This quiz has been taken 9 times
  • The average score is 20 of 31

Answer Stats

#PositionNationPlayer% Correct
13GKSpainAdrián
100%
8MFSenegalCheikhou Kouyaté
100%
1GKIrelandDarren Randolph
100%
11FWEcuadorEnner Valencia
100%
30FWJamaicaMichail Antonio
100%
14MFEquatorial GuineaPedro Obiang
100%
-CoachCroatiaSlaven Bilić
100%
2DFNew ZealandWinston Reid
100%
3DFEnglandAaron Cresswell
89%
21DFItalyAngelo Ogbonna
89%
28MFArgentinaManuel Lanzini
89%
16MFEnglandMark Noble
89%
4MFCameroonAlex Song
78%
15FWSenegalDiafra Sakho
78%
27MFFranceDimitri Payet
78%
9FWEnglandAndy Carroll
67%
19DFWalesJames Collins
67%
5DFEnglandJames Tomkins
67%
10FWArgentinaMauro Zárate
67%
29FWNigeriaEmmanuel Emenike
44%
20FWNigeriaVictor Moses
44%
25DFCanadaDoneil Henry
33%
17DFIrelandJoey O'Brien
33%
39MFIrelandJosh Cullen
33%
26FWCroatiaNikica Jelavić
33%
35DFEnglandReece Oxford
33%
12DFEnglandCarl Jenkinson
22%
21MFFranceMorgan Amalfitano
22%
22DFEnglandSam Byram
22%
34GKSwitzerlandRaphael Spiegel
11%
33DFScotlandStephen Hendrie
11%

Score Distribution

Percentile by Number Answered

Percent of People with Each Score

Your Score History

You have not taken this quiz